000 00675nam a2200277Ia 4500
005 20260324124541.0
008 008 260324s9999 xx 000 0 eng d
020 _a9781315218908
037 _aEBOOK
040 _aCRL
040 _beng
040 _cCRL
041 _2eng
041 _aeng
084 _qCRL
100 _aJohn D. Cressler
_91156245
245 0 _aSiGe and Si Strained-Layer Epitaxy for Silicon Heterostructure Devices
260 _bTaylor and Francis
260 _c2010
365 _a
365 _b340
856 _uhttp://www.taylorfrancis.com/books/9781315218908
942 _cEBOOK
999 _c1769056
_d1769056